000 00668nam a2200229 a 4500
001 16232
003 CO-ViMGA
008 141112s2004 ck r 000 u spa d
020 _a958045633X
040 _aCO-ViMGA
_bspa
_cCO-ViMGA
082 0 4 _aCo863.6 R393a
100 1 _aReyes, Yolanda
_92579
245 1 0 _aLos años terribles
260 _aBogotá :
_bNorma,
_c2002
300 _a190.p.
490 _aZona libre
590 _aForma de adquisición : Premio - Mincultura
650 1 4 _aADOLESCENTES - ASPECTOS SOCIALES - NOVELA
_923209
650 1 4 _aADOLESCENTES VIDA SOCIAL Y COSTUMBRES - NOVELA
_923210
650 1 4 _aNOVELA COLOMBIANA
_91193
942 _2ddc
_cBK
999 _c26140
_d26140